Einige Daten zur Cönose der Muscheln
Elmentve itt :
| Szerző: | |
|---|---|
| Dokumentumtípus: | Cikk |
| Megjelent: |
1965
|
| Sorozat: | Tiscia
|
| Kulcsszavak: | Természettudomány |
| Online Access: | http://acta.bibl.u-szeged.hu/9621 |
| LEADER | 00564nab a2200181 i 4500 | ||
|---|---|---|---|
| 001 | acta9621 | ||
| 005 | 20210323143015.0 | ||
| 008 | 161015s1965 hu o 0|| ger d | ||
| 022 | |a 0563-587X | ||
| 040 | |a SZTE Egyetemi Kiadványok Repozitórium |b hun | ||
| 041 | |a ger | ||
| 100 | 1 | |a Bába Károly | |
| 245 | 1 | 0 | |a Einige Daten zur Cönose der Muscheln |h [elektronikus dokumentum] / |c Bába Károly |
| 260 | |c 1965 | ||
| 300 | |a 63-64 | ||
| 490 | 0 | |a Tiscia | |
| 695 | |a Természettudomány | ||
| 856 | 4 | 0 | |u http://acta.bibl.u-szeged.hu/9621/1/tiscia_001_063-064.pdf |z Dokumentum-elérés |